000 00311nam a22001337a 4500
008 171027b xxu||||| |||| 00| 0 eng d
020 _a0205121845
041 _aeng
080 _24TH
_a311
100 _a55
101 _aSTA
245 _aSTATISTICS FOR MANAGEMENT AND ECONOMICS
_cWATSON,C.J
942 _2udc
_cBK
999 _c36023
_d36023